Statistiche per Rosa Juventus FC 2023-2024

Clicka qui per fare il quiz!

Statistiche generali

  • Questo quiz è stato fatto 126 volte
    (5 dall'ultimo reset)
  • Il punteggio medio è 24 su 29

Statistiche sulle risposte

RuoloGiocatore% Corretto
DAlex Sandro
100%
DAndrea Cambiaso
100%
AArkadiusz Milik
100%
DBremer
100%
PCarlo Pinsoglio
100%
DDaniele Rugani
100%
ADusan Vlahovic
100%
AFederico Chiesa
100%
CFilip Kostic
100%
PMattia Perin
100%
AMoise Kean
100%
CPaul Pogba
100%
DDanilo
80%
CFabio Miretti
80%
DFederico Gatti
80%
CHans Nicolussi Caviglia
80%
AKenan Yildiz
80%
CManuel Locatelli
80%
AllenatoreMassimiliano Allegri
80%
DMattia De Sciglio
80%
CNicolò Fagioli
80%
ASamuel Iling-Junior
80%
CTimothy Weah
80%
CWeston McKennie
80%
PWojciech Szczesny
80%
CAdrien Rabiot
60%
CCarlos Alcaraz
60%
DDean Huijsen
40%
DTiago Djaló
40%

Distribuzione punteggi

Percentile per numero di risposta

Percentuale di utenti per punteggio

I tuoi punteggi nel tempo

Non hai fatto questo quiz dall'ultimo reset